Granice międzypaństwowe w Azji - nagła śmierć - Statystyki

Ogólne statystyki
  • Ten quiz został rozwiązany 359 razy
  • Średni wynik to 7 z 20
Answers on the Grid
Answers color-coded by a green-red scale on the quiz's grid according to % correct below.
Katar i Bahrajn
Chiny i Tajwan
Bangladesz i Mjanma
Kazachstan i Turkmenistan
Uzbekistan i Kirgistan
Gruzja i Iran
Rosja i Armenia
Syria i Izrael
Laos i Kambodża
Chiny i Tajlandia
Nepal i Bhutan
Afganistan i Tadżykistan
Wietnam i Chiny
Brunei i Malezja
Izrael i Iran
Irak i Kuwejt
Zjednoczone Emiraty Arabskie i Arabia Saudyjska
Singapur i Indonezja
Japonia i Korea Południowa
Korea Północna i Korea Południowa
Mongolia i Rosja
Pakistan i Tadżykistan
Sri Lanka i Malediwy
Indie i Mjanma
Timor Wschodni i Malezja
Jemen i Oman
Cypr i Turcja
Liban i Syria
Azerbejdżan i Irak
Rosja i Iran
Kirgistan i Tadżykistan
Laos i Chiny
Malezja i Tajlandia
Pakistan i Iran
Izrael i Egipt
Wielka Brytania i Chiny
 
Statystyki odpowiedzi
Odpowiedź % Poprawnych
Jemen i Oman
47%
Wietnam i Chiny
47%
Zjednoczone Emiraty Arabskie i Arabia Saudyjska
46%
Mongolia i Rosja
45%
Korea Północna i Korea Południowa
44%
Indie i Mjanma
42%
Izrael i Egipt
42%
Malezja i Tajlandia
41%
Irak i Kuwejt
40%
Laos i Kambodża
40%
Liban i Syria
40%
Pakistan i Iran
34%
Syria i Izrael
34%
Bangladesz i Mjanma
33%
Brunei i Malezja
32%
Kirgistan i Tadżykistan
32%
Uzbekistan i Kirgistan
29%
Laos i Chiny
25%
Afganistan i Tadżykistan
20%
Kazachstan i Turkmenistan
19%
Nie znaleziono quizów pasujących do podanych kryteriów
Rozkład punktacji
Procent ludzi z każdym wynikiem
Percentyl według liczby udzielonych odpowiedzi
Twoja historia wyników
Nie rozwiązałeś tego quizu